|
|
|
|
| LEADER |
00000cam a2200000 7i4500 |
| 001 |
0000007845 |
| 002 |
000008418 |
| 005 |
20000330.0 |
| 020 |
|
|
|a 0893340383
|
| 090 |
0 |
0 |
|a 305.231
|b CAS
|
| 100 |
1 |
|
|a Castle, Kathryn
|
| 245 |
1 |
4 |
|a The Infant & toddler handbook :
|b invitations for optimum early development
|c Kathryn Castle,Ed.D
|
| 260 |
|
|
|a Atlanta :
|b Humanics ,
|c 1994
|
| 300 |
|
|
|a 105 p. ;
|c 18 cm.
|
| 650 |
0 |
0 |
|a Child care
|
| 650 |
0 |
0 |
|a Child development
|
| 650 |
0 |
0 |
|a Infants
|x Development
|
| 999 |
|
|
|a 040273
|b BUKU
|c PINJAMAN
|e PERPUSTAKAAN KOMUNITI PETALING JAYA
|
| 999 |
|
|
|a 040274
|b BUKU
|c PINJAMAN
|e PERPUSTAKAAN KOMUNITI PETALING JAYA
|
| 999 |
|
|
|a 052883
|b BUKU
|c PINJAMAN
|e PERPUSTAKAAN KOMUNITI PETALING JAYA
|